000 00627nam a2200241 i 4500
001 C2-0222724
003 PPAK
005 20180728151754.0
008 000125s1999 my |||| ||||| | may d
020 _a9838933945
040 _aPPAK
_beng
_cPPAK
_erda
082 0 4 _a899.233
_223
090 0 0 _a899.233
_bLIA
_dG
100 0 _aLiana Afiera Malik,
_eauthor
245 1 0 _aJanji Assila
264 1 _aKuala Lumpur :
_bCreative ,
_c1999, 2000
300 _a510 pages ;
_c19 cm
336 _2rdacontent
_atext
337 _2rdamedia
_aunmediated
338 _2rdacarrier
_avolume
650 1 0 _aMalay fiction
942 _ddc
_cB
999 _c143952
_d143952